Представление документа в формате RUSMARC

Поле Инд. ПП Название Значение
Тип записи a
Библиографический уровень a
001 _ Контрольный номер RU/REP/BASE/00005804
005 _ Дата корректировки 20181104132001.3
200 a Заглавие Общая характеристика интернационализированных (гибридных, смешанных) судов в международной судебной системе
f Первые сведения об ответственности Мулюкова В.А.
b Общее обозначение материала Текст
210 d Дата издания 2015
461 _0 1 001RU/REP/BASE/00010629
1 2001
a Закон и право
463 1 20002
a №5.
v С. 124-127
1 210
d 2015
610 a Ключевые слова МЕЖДУНАРОДНОЕ ПРАВО, СУДЕБНАЯ СИСТЕМА, ВООРУЖЕННЫЕ СИЛЫ, БЕЗОПАСНОСТЬ НАЦИОНАЛЬНАЯ, МЕЖДУНАРОДНЫЕ СУДЫ
700 _1 a Фамилия Мулюкова
b Имя В.А.
901 t Тип документа b
w Контрольный № источника 7de6eea509424c6ba70eb1eb97b897de